000 00516nam a22001697a 4500
005 20260515114942.0
008 230420b ||||| |||| 00| 0 eng d
040 _aIN-DiNC
_cIN-DiNC
041 _dasm
082 _a339
_bGOS
100 _aGoswami Nonigopal
_eauthor
245 _aSamastigata arthabigyan
_bRastriya ai arthansitik bikash, mudra, bank byabestha aru antrajartik banijya
_cby Nonigopal Goswami
250 _a7th ed.
260 _aGuwahati
_bJyoti Prakashan
_c2008
300 _a696p.
942 _2ddc
_cBK
999 _c11516
_d11516